LEADER 01232nam a2200265 4500 001 000000351580 003 CaOOAMICUS 005 20221012144349.0 008 220916s2022 it a 000 u ita r 020 $a979-1- 28044-242-0* 040 $aSeMil$bita 100 1 $aGarbini, Luigi,$c.$0(OLS)http://semarc/name/73189 245 10$aLorenzo Perosi :$btutti, o quasi, i malintesi raccolti attorno a un nome /$cLuigi Garbini. 264 1$aGenève :$bBAM,$c2022. 300 $a141 p. :$bill. ;$c23 cm 541 0 $aOmaggio mons. Mario Delpini (3G III 387) 600 14$aPerosi, Lorenzo .$0(OLS)http://semarc/subject/16769 850 $aSeMil 852 $aSeMil$W1$xVenegono$y1$m3G III 387$j234797$B242775$CSeMilBibl$Z2$F242775 $81 941 1 $a7 961 $aOmaggio mons. Mario Delpini. ? Con dedica autografa dell?autore (Luigi Garbini) a mons. Mario Delpini (giugno 2022) 996 $6020$a979-1- 28044-242-0*$9(OLS)http://semarc/number/296700 996 $6245$aLorenzo Perosi :$btutti, o quasi, i malintesi raccolti attorno a un nome$9(OLS)http://semarc/title/441374 996 $6264$aGenève :$bBAM$9(OLS)http://semarc/publisher/60646 LEADER 01392nam a2200277 i 4500 001 000000077012 003 CaOOAMICUS 005 20010717000000.0 008 010717s2000 it u000 u ita u 013 $a48184 020 $a88-215-4204-1 040 $aSeMil$bita 100 1 $aHays, Richard B.$0(OLS)http://semarc/name/37903 240 14$aThe moral vision of the New Testament :$bcommunity, cross, new creation : a contemporary introduction to New Testament ethics.$0(OLS)http://semarc/title/124972 245 13$aLa visione morale del Nuovo Testamento :$bproblematiche etiche contemporanee alla luce del messaggio evangelico /$cRichard B. Hays. 260 $aCinisello Balsamo :$bSan Paolo,$c2000. 300 $a787 p. ;$c23 cm. 490 0 $aParola di Dio. 2. Serie ;$v18 650 4$aBibbia - Morale - NT.$0(OLS)http://semarc/subject/2648 830 0$aParola di Dio. 2. serie ;$v18.$0(OLS)http://semarc/title/5940 850 $aSeMil 852 $aSeMil$W1$xVenegono$y1$m2W V 9$j270226$B43164$CSeMilBibl$Z2$F43200 $81 961 $aOmaggio: Fumagalli don Aristide 996 $6020$a88-215-4204-1$9(OLS)http://semarc/number/58357 996 $6245$aLa visione morale del Nuovo Testamento :$bproblematiche etiche contemporanee alla luce del messaggio evangelico$9(OLS)http://semarc/title/124971 996 $6260$aCinisello Balsamo :$bSan Paolo$9(OLS)http://semarc/publisher/30129